Sports Quiz

Random Sports or NBA Quiz

Spectacular NBA Players Quiz Stats

 Plays Quiz Updated Apr 20, 2018

Score 0/20 Timer 05:00
2 Plays Today
Hint Answer % Correct
LeBron James
97.9%
Dwyane Wade
93.4%
Kareem Abdul-Jabbar
91.7%
James Harden
90.2%
Ben Wallace
78.4%
Hakeem Olajuwon
77.7%
Amar'e Stoudemire
74.9%
Horace Grant
71.9%
James Worthy
71.6%
Jaylen Brown
71.2%
Hint Answer % Correct
Otto Porter Jr.
65.6%
Moses Malone
63%
George Mikan
51.4%
Kirk Hinrich
48.6%
Kurt Rambis
48.5%
John Salley
17.9%
Antoine Carr
13.2%
Charles 'Bo' Outlaw
11.5%
Thurl Bailey
6.8%
Orlando Woolridge
3.3%

You're not logged in!

Compare scores with friends on all Sporcle quizzes.
OR
Log In

Sporcle TV

Today on Sporcle TV


Watch our educational content, quiz creation guides, and fun videos on Sporcle TV.

Show Comments

Extras

Top Quizzes Today


Score Distribution

Your Account Isn't Verified!

In order to create a playlist on Sporcle, you need to verify the email address you used during registration. Go to your Sporcle Settings to finish the process.

Report this User

Report this user for behavior that violates our Community Guidelines.

Details: